Superdutch : (Record no. 3175)

MARC details
000 -LEADER
fixed length control field 00727nac a22002171u 4500
003 - CONTROL NUMBER IDENTIFIER
control field EG-ScBUE
005 - DATE AND TIME OF LATEST TRANSACTION
control field 20221110063808.0
008 - FIXED-LENGTH DATA ELEMENTS--GENERAL INFORMATION
fixed length control field 221110t2000 enkab f 000 0 eng d
020 ## - INTERNATIONAL STANDARD BOOK NUMBER
International Standard Book Number 0500341788.
040 ## - CATALOGING SOURCE
Original cataloging agency EG-ScBUE
Language of cataloging eng
Description conventions rda
Transcribing agency EG-ScBUE
Modifying agency EG-ScBUE
082 04 - DEWEY DECIMAL CLASSIFICATION NUMBER
Classification number 720.949209
Item number LOO
Edition number 22
100 1# - MAIN ENTRY--PERSONAL NAME
Personal name Lootsma, Bart,‏
Dates associated with a name 1957-
Relator term author.
245 10 - TITLE STATEMENT
Title Superdutch :
Remainder of title new architecture in the Netherlands /
Statement of responsibility, etc Bart Lootsma.
264 #1 - PUBLICATION, DISTRIBUTION, ETC. (IMPRINT)
Place of publication, distribution, etc London :
Name of publisher, distributor, etc Thames & Hudson,
Date of publication, distribution, etc [2000]
264 #4 - PUBLICATION, DISTRIBUTION, ETC. (IMPRINT)
Date of publication, distribution, etc c2000
300 ## - PHYSICAL DESCRIPTION
Extent 264 pages :
Other physical details illustrations (chiefly color), maps (some color) ;
Dimensions 23 cm
650 #7 - SUBJECT ADDED ENTRY--TOPICAL TERM
Topical term or geographic name as entry element Architecture
Geographic subdivision Netherlands
Chronological subdivision 20th century.
Source of heading or term BUEsh
653 ## - INDEX TERM--UNCONTROLLED
Resource For college Engineering, Architecture
655 ## - INDEX TERM--GENRE/FORM
Form subdivision Reading book
9 (RLIN) 34232
942 ## - ADDED ENTRY ELEMENTS (KOHA)
Koha item type Book - Borrowing
Source of classification or shelving scheme Dewey Decimal Classification
Holdings
Withdrawn status Lost status Source of classification or shelving scheme Damaged status Not for loan Home library Current library Shelving location Date acquired Source of acquisition Total Checkouts Total Renewals Full call number Barcode Date last seen Date checked out Koha item type
    Dewey Decimal Classification     Central Library Central Library Second Floor 25/03/2007 Purchase 3 10 720.949209 LOO 000030473 15/07/2025 14/03/2010 Book - Borrowing